Coupes du Monde de Football: Tunisie - Statistiques

Statistiques générales
  • Ce quiz a été pris 347 fois
  • Le résultat moyen est 11 sur 16
Statistiques - réponses
Réponse % Correct
France
98%
Australie
95%
Danemark
92%
Belgique
91%
Angleterre
90%
Panama
81%
Espagne
80%
RFA
80%
Mexique
73%
Japon
62%
Arabie Saoudite
51%
Russie
47%
Ukraine
43%
Colombie
39%
Pologne
37%
Roumanie
29%
Aucun quiz correspondant
Distribution des résultats
% des personnes avec chaque résultat
Percentile par nombre de réponses
Votre historique - résultats
Vous n’avez pas pris ce quiz